000 01056nam a22002537a 4500
005 20260206064042.0
007 cr |||aaa|||||
003 MX-MxUPN
008 220616s2004 sp|a|||fo|||| 00| 0 spa d
020 _a8468899690
040 _aMX-MxUPN
_bspa
_eaacr2
_cMX-MxUPN
050 4 _aHQ1075
245 0 3 _aLa diferencia sexual en el análisis de videojuegos
_h[recurso electrónico en línea]
260 _a[España] :
_bCentro de Investigación y Documentación Educativa :
_bInstituto de la Mujer ,
_c[2004]
300 _a1 recurso en línea (468 páginas) :
_bilustraciones, PDF
500 _aEs bibliografía básica de: Especialización de Género en Educación.
506 0 _aAcceso abierto.
588 0 _aAño de publicación tomada del registro de la obra en repositorio BULERIA.
610 4 _945151
_aUniversidad Pedagógica Nacional (México).
_bEspecialización de Género en Educación
650 4 _aVideojuegos
_916045
650 4 _aDiferencias sexuales
_914100
856 4 0 _uhttp://hdl.handle.net/10612/3547
942 _cLIBRO-E
_2lcc
999 _c208638
_d208638